Statistics for A Square of Merged Countries #3

Click here to take the quiz!

General Stats

  • This quiz has been taken 4,844 times
  • The average score is 31 of 42

Answers on the Map

Answers color-coded by a green-red scale on the quiz's map according to % correct below.
 

Answer Stats

Answer% Correct
Canada
100%
Italy
99%
South Africa
98%
Cyprus
96%
Democratic Republic of the Congo
92%
Senegal
90%
Benin
88%
Israel
88%
Nepal
87%
Niger
83%
Togo
81%
Ghana
80%
Nicaragua
80%
Taiwan
78%
Estonia
76%
Latvia
76%
United Arab Emirates
75%
Gabon
74%
Hungary
74%
Slovakia
74%
Czech Republic
73%
Costa Rica
72%
Tajikistan
72%
Ivory Coast
71%
Serbia
71%
Azerbaijan
70%
Burkina Faso
70%
Bulgaria
69%
Guatemala
69%
Georgia
68%
Kyrgyzstan
68%
Lithuania
68%
North Macedonia
68%
Guinea
67%
Botswana
66%
Dominican Republic
66%
Armenia
65%
Belgium
62%
Honduras
54%
Sierra Leone
50%
Suriname
42%
Jamaica
29%

Score Distribution

Percentile by Number Answered

Percent of People with Each Score

Your Score History

You have not taken this quiz